Štúdium katalytických vlastností modifikovaných smektitov

Salvato in:
Dettagli Bibliografici
Autore principale: Jankovič, Ľuboš (Autore)
Natura: Libro
Lingua:slovacco
Pubblicazione: Bratislava : STU v Bratislave FCHPT, 2003
Edizione:Obháj.: 13.5.2003
Tags: Aggiungi Tag
Nessun Tag, puoi essere il primo ad aggiungerne!!

MARC

LEADER 00000nam a22000003a 4500
001 stu83226
005 20150617225638.6
008 040121s2003----xo------------------slo-d
040 |a STU  |b slo 
041 0 |a slo 
044 |a xo 
080 |a 666.3(043.3) 
100 1 |a Jankovič, Ľuboš  |4 aut 
245 1 |a Štúdium katalytických vlastností modifikovaných smektitov 
250 |a Obháj.: 13.5.2003 
260 |a Bratislava :  |b STU v Bratislave FCHPT,  |c 2003 
300 |a 80 s. Tab.,grafy,lit 
500 |a SAV Ústav anorganickej chémie, Bratislava 
996 |b 284C030349  |c C*KD521  |l CCI  |s A  |a 24  |w stu83226_0001